LEADER 00744nam a2200205 i 4500 001 000000034619 003 CaOOAMICUS 005 20220127121330.0 008 060830n it u000 u ita u 013 $a1348 040 $aSeMil$bita 245 10$aTomo 1. 490 0 $aBiblioteca teologica ;$v18. 773 0 $aGrillmeier, Alois $t1: Dall'età apostolica al Concilio di Calcedonia (451).$dBrescia : Paideia, 1982.$g1$w()7081 830 0$aBiblioteca teologica ;$v18.$0(OLS)http://semarc/title/84 850 $aSeMil 852 $aSeMil$W1$xVenegono$y1$m2YA U 18$j263281$B774$CSeMilBibl$Z2$F774 $81 961 $aAcquisto: Casa editrice 996 $6245$aTomo 1$9(OLS)http://semarc/title/46685 LEADER 01177nam a2200229 i 4500 001 000000003365 003 CaOOAMICUS 005 20260515122959.0 008 180830s19861987fr u000 u fre u 040 $aSeMil$bita 100 1 $aSiegwalt, Gérard,$d<1932- >.$0(OLS)http://semarc/name/2566 245 14$aLes fondements de la foi /$cGérard Siegwalt. 264 1$aGenève :$bLabor et Fides ;$aParis :$bLes Éditions du Cerf,$c1986-1987. 300 $a2 v. ;$c22 cm. 650 4$aFede - Teologia fondamentale.$0(OLS)http://semarc/subject/172 773 0 $aSiegwalt, Gérard <1932- >$tDogmatique pour la catholicité évangélique.$dParis : Les Éditions du Cerf ; Genève : Labor et Fides, 1986-2005.$g1$w()367824 774 0 $aSiegwalt, Gérard <1932- >$tQuête des fondements.$z2-204-02435-X$g1$w()77352 774 0 $aSiegwalt, Gérard <1932- >$tRéalité et Révélation.$z2-204-02577-1$g2$w()77354 996 $6245$aLes fondements de la foi$9(OLS)http://semarc/title/5762 996 $6264$aGenève :$bLabor et Fides$9(OLS)http://semarc/publisher/31164 996 $6264$aParis :$bLes Éditions du Cerf$9(OLS)http://semarc/publisher/29611